| 000 | 00525nam a2200181 i 4500 | ||
|---|---|---|---|
| 001 | bg | ||
| 100 | 1 | _aFIGURSKI, Maciej | |
| 245 | 0 |
_aKształcenie kadr naukowych w latach 1961-1970 / _cMaciej Figurski, Walenty Kryczyński. |
|
| 260 |
_aWarszawa : _bPaństwowe Wydaw. Naukowe, _c1977. |
||
| 300 |
_a82, [1] s. : _btab. |
||
| 500 | _a[Streszcz. w jęz. ros. i ang.]. | ||
| 700 | 1 | _aKRYCZYŃSKI, Walenty | |
| 040 | _cBPK | ||
| 041 | _apol | ||
| 080 | _a378.12 | ||
| 942 | _cKS | ||
| 008 | s pl f |000 0 pol | ||
| 999 |
_c17680 _d17680 |
||
| 856 |
_uhttp://koha.tu.koszalin.pl/cgi-bin/koha/opac-detail.pl?biblionumber=17680 _yKatalog online BPK |
||